000 00364pab a2200145 454500
008 180718b1990 xxu||||| |||| 00| 0 eng d
100 _aSharma, B.B.L and others
245 _aTeaching health economics in India
260 _c1990
300 _a461-80
362 _aDec.
650 _aHealth Services - India
773 _aAsian Economic Review
909 _a10088
999 _c10088
_d10088